| Tag |
First Indicator |
Second Indicator |
Subfields |
| LEADER |
00000cam a22000001i 4500 |
| 001 |
in00003965523 |
| 006 |
m d f |
| 007 |
cr bn mmmapmmp |
| 008 |
431025s1943 dcu o f000 0 eng d |
| 005 |
20250210235250.4 |
| 035 |
|
|
|a ebd1943003187
|
| 040 |
|
|
|a UMI
|c UMI
|e rda
|d UtOrBLW
|
| 086 |
0 |
|
|a Pr 32.5701:942-43
|
| 099 |
|
|
|a Pr32.5701..942-43
|
| 110 |
1 |
|
|a United States.
|b Office for Emergency Management.
|b Office of Alien Property Custodian.
|0 http://id.loc.gov/authorities/names/n81012463
|
| 245 |
1 |
0 |
|a Office of Alien Property Custody, Annual Report for the Period Mar. 11, 1942 to June 30, 1943.
|
| 264 |
|
1 |
|a [Washington] :
|b [s.n.],
|c 1943.
|
| 300 |
|
|
|a 1 online resource (170 pages), digital, PDF file
|
| 336 |
|
|
|a text
|b txt
|2 rdacontent
|
| 337 |
|
|
|a computer
|b c
|2 rdamedia
|
| 338 |
|
|
|a online resource
|b cr
|2 rdacarrier
|
| 500 |
|
|
|a Includes tables.
|
| 533 |
|
|
|a Electronic reproduction.
|b [Bethesda, Md.] :
|c ProQuest,
|d 2016
|e digital, PDF file.
|n ProQuest U.S. Executive Branch Documents
|n Mode of access: World Wide Web via ProQuest website.
|
| 588 |
|
|
|a Record is based on online resource; title from PDF title page (ProQuest, last viewed Nov. 2016). Reuse except for individual research requires license from ProQuest, LLC.
|
| 650 |
|
0 |
|a Aliens.
|0 http://id.loc.gov/authorities/subjects/sh85003545
|
| 650 |
|
0 |
|a Searches and seizures.
|0 http://id.loc.gov/authorities/subjects/sh85119358
|
| 650 |
|
0 |
|a Statistics.
|0 http://id.loc.gov/authorities/subjects/sh85127580
|
| 856 |
4 |
0 |
|u http://proxy.library.tamu.edu/login?url=http://congressional.proquest.com/congressional/docview/t66.d71.pr32.5701..942-43?
|y Electronic resource (PDF)
|t 0
|
| 999 |
f |
f |
|s 492b10f3-4c5b-352b-b80e-a3a6eec5791e
|i 2bf3088d-69aa-3a20-b2f5-26fb149724a7
|t 0
|
| 952 |
f |
f |
|a Texas A&M University
|b College Station
|c Electronic Resources
|d Available Online
|t 0
|h No information provided
|
| 998 |
f |
f |
|t 0
|l Available Online
|